000 00628nam a2200205Ia 4500
003 GCL
008 140319s9999 xx 000 0 ara d
040 _aGCL /
_cGCL
082 0 4 _a219
_bى ا
100 1 _aيحيى هاشم حسن
245 1 0 _aالاسلام والاتجاهات العلمية المعاصرة /
_cيحيى هاشم حسن
260 _a[S.N] :
_bدار المعارف ،
_c1984
300 _a230 ص
490 _a
650 0 4 _aالاسلام
650 0 4 _aالاسلام والشيوعية
650 0 4 _aالاسلام والعلم
650 0 4 _aالاسلام والفلسفة
942 _2ddc
_cBK
999 _c54559
_d54559